| 000 | 00394cam a22001097a 4500 | ||
|---|---|---|---|
| 008 | 180718b1955 xxu||||| |||| 00| 0 eng d | ||
| 082 | _aXAx42 Un3/6 | ||
| 245 |
_aUnsatisfactory tenants _cby Ministry of Housing and Local Government, United Kingdom |
||
| 260 |
_aLondon _bHer Majesty's Statiionery office _c1955 |
||
| 300 | _a33+p. | ||
| 700 | _aUnited Kingdom.Ministry of Housing and Local Government | ||
| 999 |
_c425384 _d425384 |
||